{"text_format":"1","workbook":"xlsx","n_sheets":2,"sheets":["Pasiūlymas","Subtiekėjai"],"not_rendered":{"charts":0,"images":0,"macros":1,"external_links":0,"defined_names":0,"comments":0,"pivot_tables":0},"unopened":[],"bounds":{"document_bytes":16777216,"sheet_cells":100000,"rows_first":2000,"rows_last":500,"rows_between":2000,"halvings":0,"cell_chars":16384,"cell_head_chars":4096},"cells_cut":0,"cells_raw":0,"read":"whole","date_system":"1900"}

{"sheet":"Pasiūlymas","index":0,"n_rows":73,"n_cols":13,"rows_kept":73,"cut":false,"hidden":false,"merged":[[9,0,9,1],[9,2,9,4],[10,0,10,1],[10,2,10,4],[11,0,11,1],[11,2,11,4],[12,0,12,1],[12,2,12,4],[13,0,13,1],[13,2,13,4],[14,0,14,1],[14,2,14,4],[15,0,15,1],[15,2,15,4],[16,0,16,1],[16,2,16,4],[17,0,17,1],[17,2,17,4],[18,0,18,1],[18,2,18,4],[19,0,19,1],[19,2,19,4],[22,0,22,5]]}
["Perkančioji organizacija, kuriai teikiamas pasiūlymas:",null,"VŠĮ Kauno klinikinė ligoninė"]
[]
[null,"PASIŪLYMAS"]
[null,"Medicininių atliekų šalinimo paslauga"]
[]
["Data:","2020-03-02"]
["Nr.:",10]
["Vieta:","Panevėžys"]
[]
["Tiekėjo pavadinimas /Jeigu dalyvauja ūkio subjektų grupė, surašomi visi dalyvių pavadinimai/",null,"UAB \"AV investicija\""]
["Įmonės kodas /Jeigu dalyvauja ūkio subjektų grupė, surašomi visi dalyvių kodai/",null,300114003]
["PVM mokėtojo kodas /Jeigu dalyvauja ūkio subjektų grupė, surašomi visi dalyvių kodai/",null,"LT100002596414"]
["Banko pavadinimas, banko kodas, sąskaitos Nr.",null,"Swedbank, AB, 73000, LT847300010090432517"]
["Tiekėjo adresas /Jeigu dalyvauja ūkio subjektų grupė, surašomi visi dalyvių adresai/",null,"P. Puzino g. 9, LT-35173 Panevėžys"]
["Telefono numeris",null,"(8 45) 46 25 60"]
["Fakso numeris",null,"-"]
["El. pašto adresas",null,"avinvesticija@inbox.lt"]
["Asmens, pasirašiusio pasiūlymą saugiu elektroniniu parašu, vardas, pavardė, pareigos ",null,"Aurelija Jačiauskaitė, direktorė"]
["Asmens, įgalioto pasirašyti sutartį, vardas, pavardė, pareigos",null,"Aurelija Jačiauskaitė, direktorė"]
[]
[]
[]
["1. Šiuo pasiūlymu pažymime, kad sutinkame su visomis pirkimo sąlygomis, nustatytomis:\n1) pirkimo skelbime, paskelbtame Viešųjų pirkimų įstatymo nustatyta tvarka;\n2) pirkimo sąlygose ir kituose pirkimo dokumentuose (jų paaiškinimuose, papildymuose).\n"]
[]
["Siūlomas pirkimo objektas visiškai atitinka pirkimo sąlygose nustatytus reikalavimus ir jo kaina yra:"]
[]
[]
["Nr.","Pavadinimas","Kiekis","Mato vienetas","Kaina be PVM, Eur","Suma be PVM, Eur",null,null,null,null,"","",""]
["1.1.","Medicininės atliekos",10000,"kg",0.8,{"$f":"IF(ISBLANK(E29),\"\", PRODUCT(C29,E29))","v":8000}]
["1.1.1.","18 01 01",null,null,null,null,null,null,null,""]
["1.1.2.","Nedelsiant (per 24 val.) raštu informuoti perkančią organizaciją apie bet kokį tiekėjo Pavojingų atliekų tvarkymo licenzijos teisių sustabdymą, suvaržymą ar (ir) kitokį apribojim"]
["1.1.3.","Medicinines atliekas sverti įstaigos teritorijoje"]
["1.1.4.","Paslaugos turi būti teikiamos vadovaujantis Lietuvos Respublikos atliekų tvarkymo įstatymu (Žin., 1998, Nr. 61-1726; 2002, Nr. 72-3016), Atliekų tvarkymo taisyklėmis, patvirtintomis Lietuvos Respublikos aplinkos ministro 1999 m. liepos 14 d. įsakymu Nr. 217, (Žin., 1999, Nr. 63-2065), Atliekų susidarymo ir tvarkymo apskaitos ir ataskaitų teikimo taisyklėmis, patvirtintomis Lietuvos Respublikos aplinkos ministro 2011 m. gegužės 3 d. įsakymu Nr. D1-367 (Žin., 2011, Nr. 57-2720); higienos norma HN 66:2013 „Medicininių atliekų tvarkymo saugos reikalavimai“ reikalavimai",null,null,null,null,null,null,null,""]
["1.1.5.","Medicininės atliekos iš saugyklų esančių Josvainių 2, Kaune; V. Putvinskio 3, Kaune ir Laisvės 17, Kaune – išvežamos pagal iš anksto suderintą grafiką",null,null,null,null,null,null,null,null,null,""]
["1.2.","Medicininės atliekos",4500,"kg",1.05,{"$f":"IF(ISBLANK(E35),\"\", PRODUCT(C35,E35))","v":4725},null,null,null,null,null,""]
["1.2.1.","18 01 02",null,null,null,null,null,null,null,"","",""]
["1.2.2.","Nedelsiant (per 24 val.) raštu informuoti perkančią organizaciją apie bet kokį tiekėjo Pavojingų atliekų tvarkymo licenzijos teisių sustabdymą, suvaržymą ar (ir) kitokį apribojim",null,null,null,null,null,null,null,"","",""]
["1.2.3.","Medicinines atliekas sverti įstaigos teritorijoje",null,null,null,null,null,null,null,"","",""]
["1.2.4.","Paslaugos turi būti teikiamos vadovaujantis Lietuvos Respublikos atliekų tvarkymo įstatymu (Žin., 1998, Nr. 61-1726; 2002, Nr. 72-3016), Atliekų tvarkymo taisyklėmis, patvirtintomis Lietuvos Respublikos aplinkos ministro 1999 m. liepos 14 d. įsakymu Nr. 217, (Žin., 1999, Nr. 63-2065), Atliekų susidarymo ir tvarkymo apskaitos ir ataskaitų teikimo taisyklėmis, patvirtintomis Lietuvos Respublikos aplinkos ministro 2011 m. gegužės 3 d. įsakymu Nr. D1-367 (Žin., 2011, Nr. 57-2720); higienos norma HN 66:2013 „Medicininių atliekų tvarkymo saugos reikalavimai“ reikalavimai"]
["1.2.5.","Medicininės atliekos iš saugyklų esančių Josvainių 2, Kaune; V. Putvinskio 3, Kaune ir Laisvės 17, Kaune – išvežamos pagal iš anksto suderintą grafiką"]
["1.3.","Medicininės atliekos",85000,"kg",0.8,{"$f":"IF(ISBLANK(E41),\"\", PRODUCT(C41,E41))","v":68000},null,null,null,""]
["1.3.1.","18 01 03"]
["1.3.2.","Nedelsiant (per 24 val.) raštu informuoti perkančią organizaciją apie bet kokį tiekėjo Pavojingų atliekų tvarkymo licenzijos teisių sustabdymą, suvaržymą ar (ir) kitokį apribojim",null,null,null,null,null,null,null,null,null,""]
["1.3.3.","Medicinines atliekas sverti įstaigos teritorijoje",null,null,null,null,null,null,null,"",null,""]
["1.3.4.","Paslaugos turi būti teikiamos vadovaujantis Lietuvos Respublikos atliekų tvarkymo įstatymu (Žin., 1998, Nr. 61-1726; 2002, Nr. 72-3016), Atliekų tvarkymo taisyklėmis, patvirtintomis Lietuvos Respublikos aplinkos ministro 1999 m. liepos 14 d. įsakymu Nr. 217, (Žin., 1999, Nr. 63-2065), Atliekų susidarymo ir tvarkymo apskaitos ir ataskaitų teikimo taisyklėmis, patvirtintomis Lietuvos Respublikos aplinkos ministro 2011 m. gegužės 3 d. įsakymu Nr. D1-367 (Žin., 2011, Nr. 57-2720); higienos norma HN 66:2013 „Medicininių atliekų tvarkymo saugos reikalavimai“ reikalavimai",null,null,null,null,null,null,null,null,null,""]
["1.3.5.","Infekuotos medicininės atliekos iš įstaigos saugyklų, esančių Laisvės al. 17, Josvainių 2 ir V. Putvinskio 3, Kaune išvežamos reguliariai – 3 kartus per savaitę"]
["1.4.","Medicininės atliekos",4000,"kg",0.8,{"$f":"IF(ISBLANK(E47),\"\", PRODUCT(C47,E47))","v":3200},null,null,null,"","",""]
["1.4.1.","18 01 04",null,null,null,null,null,null,null,"","",""]
["1.4.2.","Nedelsiant (per 24 val.) raštu informuoti perkančią organizaciją apie bet kokį tiekėjo Pavojingų atliekų tvarkymo licenzijos teisių sustabdymą, suvaržymą ar (ir) kitokį apribojim",null,null,null,null,null,null,null,"","",""]
["1.4.3.","Medicinines atliekas sverti įstaigos teritorijoje"]
["1.4.4.","Paslaugos turi būti teikiamos vadovaujantis Lietuvos Respublikos atliekų tvarkymo įstatymu (Žin., 1998, Nr. 61-1726; 2002, Nr. 72-3016), Atliekų tvarkymo taisyklėmis, patvirtintomis Lietuvos Respublikos aplinkos ministro 1999 m. liepos 14 d. įsakymu Nr. 217, (Žin., 1999, Nr. 63-2065), Atliekų susidarymo ir tvarkymo apskaitos ir ataskaitų teikimo taisyklėmis, patvirtintomis Lietuvos Respublikos aplinkos ministro 2011 m. gegužės 3 d. įsakymu Nr. D1-367 (Žin., 2011, Nr. 57-2720); higienos norma HN 66:2013 „Medicininių atliekų tvarkymo saugos reikalavimai“ reikalavimai"]
["1.4.5.","Medicininės atliekos iš saugyklų esančių Josvainių 2, Kaune; V. Putvinskio 3, Kaune ir Laisvės 17, Kaune – išvežamos pagal iš anksto suderintą grafiką"]
["1.5.","Medicininės atliekos",300,"kg",1.1000000000000001,{"$f":"IF(ISBLANK(E53),\"\", PRODUCT(C53,E53))","v":330}]
["1.5.1.","18 01 06"]
["1.5.2.","Nedelsiant (per 24 val.) raštu informuoti perkančią organizaciją apie bet kokį tiekėjo Pavojingų atliekų tvarkymo licenzijos teisių sustabdymą, suvaržymą ar (ir) kitokį apribojim"]
["1.5.3.","Medicinines atliekas sverti įstaigos teritorijoje"]
["1.5.4.","Paslaugos turi būti teikiamos vadovaujantis Lietuvos Respublikos atliekų tvarkymo įstatymu (Žin., 1998, Nr. 61-1726; 2002, Nr. 72-3016), Atliekų tvarkymo taisyklėmis, patvirtintomis Lietuvos Respublikos aplinkos ministro 1999 m. liepos 14 d. įsakymu Nr. 217, (Žin., 1999, Nr. 63-2065), Atliekų susidarymo ir tvarkymo apskaitos ir ataskaitų teikimo taisyklėmis, patvirtintomis Lietuvos Respublikos aplinkos ministro 2011 m. gegužės 3 d. įsakymu Nr. D1-367 (Žin., 2011, Nr. 57-2720); higienos norma HN 66:2013 „Medicininių atliekų tvarkymo saugos reikalavimai“ reikalavimai"]
["1.5.5.","Medicininės atliekos iš saugyklų esančių Josvainių 2, Kaune; V. Putvinskio 3, Kaune ir Laisvės 17, Kaune – išvežamos pagal iš anksto suderintą grafiką"]
["1.6.","Medicininės atliekos",200,"kg",1.9,{"$f":"IF(ISBLANK(E59),\"\", PRODUCT(C59,E59))","v":380}]
["1.6.1.","18 01 07"]
["1.6.2.","Nedelsiant (per 24 val.) raštu informuoti perkančią organizaciją apie bet kokį tiekėjo Pavojingų atliekų tvarkymo licenzijos teisių sustabdymą, suvaržymą ar (ir) kitokį apribojim"]
["1.6.3.","Medicinines atliekas sverti įstaigos teritorijoje"]
["1.6.4.","Paslaugos turi būti teikiamos vadovaujantis Lietuvos Respublikos atliekų tvarkymo įstatymu (Žin., 1998, Nr. 61-1726; 2002, Nr. 72-3016), Atliekų tvarkymo taisyklėmis, patvirtintomis Lietuvos Respublikos aplinkos ministro 1999 m. liepos 14 d. įsakymu Nr. 217, (Žin., 1999, Nr. 63-2065), Atliekų susidarymo ir tvarkymo apskaitos ir ataskaitų teikimo taisyklėmis, patvirtintomis Lietuvos Respublikos aplinkos ministro 2011 m. gegužės 3 d. įsakymu Nr. D1-367 (Žin., 2011, Nr. 57-2720); higienos norma HN 66:2013 „Medicininių atliekų tvarkymo saugos reikalavimai“ reikalavimai"]
["1.6.5.","Medicininės atliekos iš saugyklų esančių Josvainių 2, Kaune; V. Putvinskio 3, Kaune ir Laisvės 17, Kaune – išvežamos pagal iš anksto suderintą grafiką"]
["1.7.","Medicininės atliekos",500,"kg",1.1000000000000001,{"$f":"IF(ISBLANK(E65),\"\", PRODUCT(C65,E65))","v":550}]
["1.7.1.","18 01 09"]
["1.7.2.","Nedelsiant (per 24 val.) raštu informuoti perkančią organizaciją apie bet kokį tiekėjo Pavojingų atliekų tvarkymo licenzijos teisių sustabdymą, suvaržymą ar (ir) kitokį apribojim"]
["1.7.3.","Medicinines atliekas sverti įstaigos teritorijoje"]
["1.7.4.","Paslaugos turi būti teikiamos vadovaujantis Lietuvos Respublikos atliekų tvarkymo įstatymu (Žin., 1998, Nr. 61-1726; 2002, Nr. 72-3016), Atliekų tvarkymo taisyklėmis, patvirtintomis Lietuvos Respublikos aplinkos ministro 1999 m. liepos 14 d. įsakymu Nr. 217, (Žin., 1999, Nr. 63-2065), Atliekų susidarymo ir tvarkymo apskaitos ir ataskaitų teikimo taisyklėmis, patvirtintomis Lietuvos Respublikos aplinkos ministro 2011 m. gegužės 3 d. įsakymu Nr. D1-367 (Žin., 2011, Nr. 57-2720); higienos norma HN 66:2013 „Medicininių atliekų tvarkymo saugos reikalavimai“ reikalavimai"]
["1.7.5.","Medicininės atliekos iš saugyklų esančių Josvainių 2, Kaune; V. Putvinskio 3, Kaune ir Laisvės 17, Kaune – išvežamos pagal iš anksto suderintą grafiką"]
[null,null,null,null,"Suma be PVM",{"$f":"IF((COUNT(C29:C70)<>COUNT(F29:F70)),\"\", SUM(F29:F70))","v":85185},{"$f":"IF((COUNT(C29:C70)<>COUNT(F29:F70)),\"Neužpildytos visų objektų kainos\", \"\")","v":""}]
[null,null,null,null,"PVM suma",17888.849999999999]
[null,null,null,null,"Suma su PVM",{"$f":"IF(ISBLANK(F72), \"\", SUM(F71:F72))","v":103073.85}]

{"sheet":"Subtiekėjai","index":1,"n_rows":100,"n_cols":9,"rows_kept":100,"cut":false,"hidden":false,"merged":[[4,0,4,1],[4,2,4,4],[4,5,4,7],[4,8,4,9],[1,0,1,9],[3,0,3,1],[3,2,3,4],[3,5,3,7],[3,8,3,9],[5,0,5,1],[5,2,5,4],[5,5,5,7],[5,8,5,9],[6,0,6,1],[6,2,6,4],[6,5,6,7],[6,8,6,9],[17,1,17,6],[17,7,17,9],[7,0,7,1],[7,2,7,4],[7,5,7,7],[7,8,7,9],[8,0,8,1],[8,2,8,4],[8,5,8,7],[8,8,8,9],[10,0,10,9],[12,0,12,9],[14,0,14,9],[16,1,16,6],[16,7,16,9],[18,1,18,6],[18,7,18,9],[19,1,19,6],[19,7,19,9],[20,1,20,6],[20,7,20,9],[38,0,38,9],[21,1,21,6],[21,7,21,9],[24,0,24,3],[24,4,24,9],[25,0,25,9],[26,0,26,9],[28,0,28,9],[32,0,32,3],[32,4,32,9],[35,0,35,3],[35,4,35,9]]}
[]
["Sutarties vykdymui numatome pasitelkti šiuos subtiekėjus / subteikėjus / subrangovus (įrašyti visus subtiekėjus / subteikėjus / subrangovus nepriklausomai nuo tiekiamų prekių/ teikiamų paslaugų/ atliekamų darbų vertės):"]
[]
["Subtiekėjo / subteikėjo / subrangovo (-ų) pavadinimas (-ai)",null,"Adresas",null,null,"Trumpas aprašymas",null,null,"Procentas nuo pasiūlymo kainos be PVM"]
["UAB \"Transeco\"",null,"P. Puzino g. 9, LT-3713 Panevėžys",null,null,"Atliekų naudojimas ir/ar laikymas",null,null,30]
["UAB \"Toksika\"",null,"Kuro g. 15, LT-02300 Vilnius",null,null,"Atliekų šalinimas",null,null,15]
[]
[]
[]
[]
["Jeigu pirkimo dokumentų 18 punkte numatytas subtiekimo / subteikimo / subrangos apribojimas:\nMes patvirtiname, kad subtiekėjams / subteikėjams / subrangovams (tiekėjams, kuriuos pasamdysime dalies sutartyje numatytų prekių tiekimui /paslaugų teikimui / darbų atlikimui) perduodamų tiekti prekių / teikti paslaugų/ atlikti darbų dalis neviršys       proc. pasiūlymo kainos be PVM."]
[]
["Mes patvirtiname, kad esame / nesame (nereikalingą išbraukti) laikomi asocijuotais (susijusiais) su Perkančiąja organizacija pagal Lietuvos Respublikoje galiojančių teisės aktų (Lietuvos Respublikos pelno mokesčio, Lietuvos Respublikos pridėtinės vertės mokesčio ir Lietuvos Respublikos gyventojų pajamų mokesčio įstatymų) nuostatas. "]
[]
["Kartu su pasiūlymu pateikiami šie dokumentai:"]
[]
["Eil.Nr.","\"Pateiktų skaitmeninių dokumentų (ar jų kopijų) pavadinimas\n(pasiūlymą sudarančių konfidencialių dokumentų pavadinimai pažymėti prierašu KONFIDENCIALU)\"",null,null,null,null,null,"Prisegtos bylos (failo) pavadinimas "]
[1,"EDVPD (UAB \"AV investicija\", UAB \"Toksika\", UAB \"Transeco\")",null,null,null,null,null,"EBVPD"]
[2,"Pavojingųjų atliekų tvarkymo licencijos  (UAB \"AV investicija\", UAB \"Toksika\", UAB \"Transeco\")",null,null,null,null,null,"PA tvarkymo licencija"]
[3,"Atliekų tvarkytojo valstybės registro išrašas (UAB \"AV investicija\", UAB \"Toksika\", UAB \"Transeco\")",null,null,null,null,null,"ATVR dokumentas"]
[4,"Sutartys su subtiekėjais UAB \"Toksika\", UAB \"Transeco\")",null,null,null,null,null,"KONFIDENCIALU sutartis"]
[5]
[]
[]
["Pasiūlymo galiojimo užtikrinimui pateikiame :"]
["Netaikoma"]
["(Nurodyti užtikrinimo būdą, dydį, dokumentus)"]
[]
["\nPasiūlymas galioja iki termino, nustatyto pirkimo dokumentuose.\n\nPasiūlymo neatskiriama dalis yra (rašoma, jeigu buvo reikalauta prie pasiūlymo pridėti atitinkamą dokumentą)"]
[]
[]
[]
["Tiekėjo arba jo įgalioto asmens pareigų pavadinimas",null,null,null,"Direktorė"]
[]
[]
["Pasirašančio asmens vardas ir pavardė",null,null,null,"Aurelija Jačiauskaitė"]
[]
[]
["**kadangi visas pasiūlymas pasirašomas saugiu elektroniniu parašu, šio dokumento atskirai pasirašyti neprivaloma."]
[]
[]
[]
[]
[]
[]
[]
[]
[]
[]
[]
[]
[]
[]
[]
[]
[]
[]
[]
[]
[]
[]
[]
[]
[]
[]
[]
[]
[]
[]
[]
[]
[]
[]
[]
[]
[]
[]
[]
[]
[]
[]
[]
[]
[]
[]
[]
[]
[]
[]
[]
[]
[]
[]
[]
[]
[]
[]
[]
[]
["4036 2020-02-11 13:30:06"]